000
00337pam a2200157a 44500
008
230515b2004 xxu||||| |||| 00| 0 eng d
020
_a
0
041
_a
ENGL
082
_a
617/BAI
100
_a
BAILEY
245
_a
SHORT PRACTICE OF SURGERY
250
_a
24TH
260
_a
NULL
_b
ARNOLOD
_c
2004
300
_a
1522
650
_a
N.D.
999
_c
558083
_d
558083